[Event "Maastricht Limburg op-C 8th"]
[Site "Maastricht"]
[Date "2014.06.08"]
[Round "4"]
[White "Zhang, Martin"]
[Black "Katranov, Lev"]
[Result "1-0"]
[WhiteElo "1546"]
[BlackElo "1429"]
[PlyCount "99"]
[EventDate "2014.06.06"]
[EventType "swiss"]
[EventRounds "7"]
[EventCountry "NED"]
[SourceTitle "EXT 2015"]
[Source "ChessBase"]
[SourceDate "2014.11.20"]
[SourceVersion "1"]
[SourceVersionDate "2014.11.20"]
[SourceQuality "1"]

1. e4 e5 2. Nf3 Nf6 3. Nxe5 d6 4. Nf3 Nxe4 5. d4 d5 6. Bf4 Bg4 7. Qd3 c6 8. Qe3 Qe7 9. c3 Bxf3 10. gxf3 Nf6 11. Nd2 Nbd7 12. 0-0-0 0-0-0 13. h4 h6 14. Qd3 Ne8 15. Qa6 Nc7 16. Qxa7 g6 17. Nb3 Qf6 18. Bg3 Bd6 19. Na5 Bf4+ 20. Bxf4 Qxf4+ 21. Kb1 Nb8 22. Qxb7+ Kd7 23. c4 Qxf3 24. Bh3+ f5 25. cxd5 Qxd5 26. Nb3 Qb5 27. Nc5+ Kd6 28. Qxb5 Nxb5 29. Nb7+ Ke6 30. Nxd8+ Rxd8 31. Rhe1+ Kf6 32. Re2 c5 33. Red2 cxd4 34. a4 Nc7 35. Rxd4 Rxd4 36. Rxd4 Ne6 37. Rb4 Nc6 38. Rb6 Na5 39. b4 Nc4 40. Rb8 g5 41. hxg5+ hxg5 42. a5 Nc7 43. Rc8 Na3+ 44. Ka2 Nab5 45. a6 Nc3+ 46. Kb3 Nxa6 47. Kxc3 Nxb4 48. Kxb4 g4 49. Bxg4 fxg4 50. Rc5 1-0